000
00314nam a2200157Ia 4500
100
_a
ADAIR/JOHN
942
_c
BK
366
_f
17.5
654
_a
motivation
245
_a
Effective Motivation
260
_b
Pan Books
_c
1996
082
_a
658.314/ADA
_b
ADA
300
_a
244
546
_a
ENGLISH
999
_c
25178
_d
25178